000
00307nam a2200121Ia 4500
008
241028s9999 xx 000 0 und d
041
_a
eng
082
_a
813 ASH
100
_a
Ashwin R.
245
_a
I Have the Streets : A Kutti Cricket Story
260
_b
Penguin
_a
Haryana
_c
2024
300
_a
173;. P. 23 Cm
999
_c
43118
_d
43118